| 000 | 00471nam a22001817a 4500 | ||
|---|---|---|---|
| 999 |
_c532028 _d532028 |
||
| 003 | NUST | ||
| 005 | 20191106141748.0 | ||
| 008 | 191106b ||||| |||| 00| 0 eng d | ||
| 020 | _a8120350294 | ||
| 024 | _a9788120350298 | ||
| 038 | _aMSOHAIL | ||
| 082 | _a0 | ||
| 100 |
_aDHARMENDER SINGH KUSHWAHA _925289 |
||
| 245 | _aDATA STRUCTURES A PROGRAMMING APPROACH WITH C | ||
| 260 |
_aNew Delhi _bPHI Learning Pvt. Ltd., _cc 2014 |
||
| 300 | _ap;728 | ||
| 942 |
_2ddc _cBK |
||